Информационно-измерительная техника и технологии: материалы V научно-практической конференции, Томск, 19-23 мая 2014 г.

Dades bibliogràfiques
Autor corporatiu: Национальный исследовательский Томский политехнический университет (ТПУ), Информационно-измерительная техника и технологии научно-практическая конференция
Altres autors: Юрченко А. В. Алексей Васильевич (редактор)
Sumari:Заглавие с титульного экрана
Сборник предназначен для специалистов, исследователей в сфере приборостроения, контроля и управления качеством, а также по проблемам НИРС в вузах.
Idioma:anglès
rus
Publicat: Томск, Изд-во ТПУ, 2014
Matèries:
Accés en línia:http://earchive.tpu.ru/handle/11683/23352
http://www.lib.tpu.ru/fulltext/c/2014/C18/C18.pdf
Format: MixedMaterials Electrònic Llibre
KOHA link:https://koha.lib.tpu.ru/cgi-bin/koha/opac-detail.pl?biblionumber=613743

MARC

LEADER 00000nam0a2200000 4500
001 613743
005 20240223064750.0
035 |a (RuTPU)RU\TPU\conf\11900 
090 |a 613743 
100 |a 20150826d2014 k y0rusy50 ca 
101 0 |a eng  |a rus 
102 |a RU 
105 |a a z 101zy 
135 |a drcn ---uucaa 
181 0 |a i  
182 0 |a b 
200 1 |a Информационно-измерительная техника и технологии  |e материалы V научно-практической конференции, Томск, 19-23 мая 2014 г.  |f Национальный исследовательский Томский политехнический университет (ТПУ) ; под ред. А. В. Юрченко 
203 |a Текст  |c электронный 
210 |a Томск  |c Изд-во ТПУ  |d 2014 
300 |a Заглавие с титульного экрана 
330 |a Сборник предназначен для специалистов, исследователей в сфере приборостроения, контроля и управления качеством, а также по проблемам НИРС в вузах. 
337 |a Adobe Reader 
606 1 |a Информационно-измерительная техника  |2 stltpush  |3 (RuTPU)RU\TPU\subj\12913  |9 39613 
610 1 |a электронный ресурс 
610 1 |a конференции 
610 1 |a труды учёных ТПУ 
610 1 |a измерения 
610 1 |a измерительные преобразователи 
610 1 |a средства измерений 
610 1 |a информационные технологии 
610 1 |a измерительные приборы 
610 1 |a инновационные технологии 
610 1 |a радиофизика 
610 1 |a СВЧ 
610 1 |a полупроводниковая электроника 
610 1 |a информационно-измерительная техника 
610 1 |a неразрушающий контроль 
610 1 |a НИРС 
675 |a 621.391.08(063)  |v 3 
702 1 |a Юрченко  |b А. В.  |c физик  |c профессор Томского политехнического университета, доктор технических наук  |f 1974-  |g Алексей Васильевич  |y Томск  |3 (RuTPU)RU\TPU\pers\25599  |4 340  |9 11528 
712 0 2 |a Национальный исследовательский Томский политехнический университет (ТПУ)  |c (2009- )  |3 (RuTPU)RU\TPU\col\15902 
712 1 2 |a Информационно-измерительная техника и технологии  |b научно-практическая конференция  |d 5  |e Томск  |f 2014 
801 2 |a RU  |b 63413507  |c 20210514  |g RCR 
856 4 |u http://earchive.tpu.ru/handle/11683/23352 
856 4 |u http://www.lib.tpu.ru/fulltext/c/2014/C18/C18.pdf 
942 |c BK